Fr. Conceicao Rodrigues College of Engineering

Electronic Devices and circuit theory (Record no. 36109)

MARC details
000 -LEADER
fixed length control field 00472nam a22001697a 4500
003 - CONTROL NUMBER IDENTIFIER
control field OSt
005 - DATE AND TIME OF LATEST TRANSACTION
control field 20241118143226.0
007 - PHYSICAL DESCRIPTION FIXED FIELD--GENERAL INFORMATION
fixed length control field 932 pages
008 - FIXED-LENGTH DATA ELEMENTS--GENERAL INFORMATION
fixed length control field 241118b |||||||| |||| 00| 0 eng d
020 ## - INTERNATIONAL STANDARD BOOK NUMBER
International Standard Book Number 9789332542600
040 ## - CATALOGING SOURCE
Transcribing agency
082 ## - DEWEY DECIMAL CLASSIFICATION NUMBER
Edition number 11
Classification number 621.38173/BOY
Item number BOY
245 ## - TITLE STATEMENT
Title Electronic Devices and circuit theory
Statement of responsibility, etc. Boylestad,Robert L
250 ## - EDITION STATEMENT
Edition statement 11
260 ## - PUBLICATION, DISTRIBUTION, ETC.
Name of publisher, distributor, etc. Pearson
Date of publication, distribution, etc. 2015
942 ## - ADDED ENTRY ELEMENTS (KOHA)
Source of classification or shelving scheme Dewey Decimal Classification
Koha item type BOOK
Edition 11
Classification part 621.38173/BOY
Call number prefix 621.38173
Call number suffix BOY
Suppress in OPAC No
Holdings
Withdrawn status Lost status Source of classification or shelving scheme Damaged status Not for loan Collection Home library Current library Date acquired Cost, normal purchase price Inventory number Total Checkouts Full call number Barcode Date last seen Price effective from Koha item type Date last checked out Total Renewals
    Dewey Decimal Classification     Electronics and Computer Science(ECS) Fr. Agnel's C.Rodrigues College of Engineering AGNEL TECHNICAL COLLEGE LIBRARY 18/11/2024 1025.00 AO/24/10/620 dt 13.11.2024 1 621.38173/BOY 26552 28/03/2025 18/11/2024 BOOK 17/03/2025  
    Dewey Decimal Classification     Electronics and Computer Science(ECS) Fr. Agnel's C.Rodrigues College of Engineering AGNEL TECHNICAL COLLEGE LIBRARY 18/11/2024 1025.00 AO/24/10/620 dt 13.11.2024 2 621.38173/BOY 26553 24/11/2025 18/11/2024 BOOK 10/11/2025  
    Dewey Decimal Classification     Electronics and Computer Science(ECS) Fr. Agnel's C.Rodrigues College of Engineering AGNEL TECHNICAL COLLEGE LIBRARY 18/11/2024 1025.00 AO/24/10/620 dt 13.11.2024 1 621.38173/BOY 26554 24/11/2025 18/11/2024 BOOK 28/10/2025 1
    Dewey Decimal Classification     Electronics and Computer Science(ECS) Fr. Agnel's C.Rodrigues College of Engineering AGNEL TECHNICAL COLLEGE LIBRARY 18/11/2024 1025.00 AO/24/10/620 dt 13.11.2024 3 621.38173/BOY 26555 09/01/2026 18/11/2024 BOOK 12/12/2025  
    Dewey Decimal Classification     Electronics and Computer Science(ECS) Fr. Agnel's C.Rodrigues College of Engineering Fr. Agnel's C.Rodrigues College of Engineering 18/11/2024 1025.00 AO/24/10/620 dt 13.11.2024   621.38173/BOY 26551 18/11/2024 18/11/2024 BOOK